Catálogo público

Diagnóstico de la ganadería bovina de Pablo Galeana, municipio de Acapulco, estado de Querrero / (Record no. 168263)

MARC details
000 -CABECERA
campo de control de longitud fija 01134nam a2200313Ia 4500
001 - NÚMERO DE CONTROL
campo de control Z_5202
003 - IDENTIFICADOR DEL NÚMERO DE CONTROL
campo de control CHAP
008 - DATOS DE LONGITUD FIJA--INFORMACIÓN GENERAL
campo de control de longitud fija 220113s2004 xx 000 0 und d
010 ## - NÚMERO DE CONTROL DE LA BIBLIOTECA DEL CONGRESO
Número de control de LC 168263
040 ## - FUENTE DE LA CATALOGACIÓN
Centro/agencia transcriptor CHAP
090 ## - LOCALMENTE ASIGNADO TIPO-LC NÚMERO DE CLASIFICACIÓN (OCLC); NÚMERO DE CLASIFICACIÓN LOCAL (RLIN)
Número de clasificación (OCLC) (R) ; Numero de clasificación, CALL (RLIN) (NR) Tesis A33 1837
100 ## - ENTRADA PRINCIPAL--NOMBRE DE PERSONA
Nombre de persona Adame Cabañas, Noé
9 (RLIN) 824
245 ## - MENCIÓN DE TÍTULO
Título Diagnóstico de la ganadería bovina de Pablo Galeana, municipio de Acapulco, estado de Querrero /
Mención de responsabilidad, etc. por Noé Adame Cabañas
260 ## - PUBLICACIÓN, DISTRIBUCIÓN, ETC.
Lugar de publicación, distribución, etc. México :
Nombre del editor, distribuidor, etc. El autor,
Fecha de publicación, distribución, etc. 2004
300 ## - DESCRIPCIÓN FÍSICA
Extensión 69 h. + anexo
502 ## - NOTA DE TESIS
Nota de tesis Tesis (Ingeniero Agrónmo Especialista en Zootecnia) -- UACh, 2004 \ Dirección: Hermilo Suárez Domínguez ; asesoría: Myriam L. Sagarnaga Villegas y Gilberto Aranda Osorio
650 ## - PUNTO DE ACCESO ADICIONAL DE MATERIA--TÉRMINO DE MATERIA
Término de materia o nombre geográfico como elemento de entrada Ganado vacuno
Subdivisión general Aspectos económicos
9 (RLIN) 45436
650 ## - PUNTO DE ACCESO ADICIONAL DE MATERIA--TÉRMINO DE MATERIA
Término de materia o nombre geográfico como elemento de entrada Ganado vacuno
Subdivisión general Guerrero
9 (RLIN) 45472
650 ## - PUNTO DE ACCESO ADICIONAL DE MATERIA--TÉRMINO DE MATERIA
Término de materia o nombre geográfico como elemento de entrada Ganado vacuno
Subdivisión general Producción
9 (RLIN) 45506
700 ## - PUNTO DE ACCESO ADICIONAL--NOMBRE DE PERSONA
Nombre de persona Aranda Osorio, Gilberto, asesor
9 (RLIN) 142528
700 ## - PUNTO DE ACCESO ADICIONAL--NOMBRE DE PERSONA
Nombre de persona Sagarnaga Villegas, Myriam L., asesor
9 (RLIN) 142529
700 ## - PUNTO DE ACCESO ADICIONAL--NOMBRE DE PERSONA
Nombre de persona Suárez Domínguez, Hermilo, director
9 (RLIN) 142530
901 ## - ELEMENTOS DE DATOS A LOCAL LDA (RLIN)
a TESIS A33 1837
902 ## - ELEMENTOS DE DATOS B LOCAL, LDB (RLIN)
a M
910 ## - DATOS DE OPCIÓN DEL USUARIO (OCLC)
Datos de opción del usuario 2004
942 ## - ELEMENTOS DE PUNTO DE ACCESO ADICIONAL (KOHA)
Tipo de ítem Koha Tesis_
942 ## - ELEMENTOS DE PUNTO DE ACCESO ADICIONAL (KOHA)
Tipo de ítem Koha Tesis_
Holdings
Estado de retiro Estado de pérdida Fuente del sistema de clasificación o colocación Estado dañado Restricciones de uso No para préstamo Código de colección Localización permanente Ubicación/localización actual Fecha de adquisición Fuente de adquisición Total de préstamos Signatura topográfica completa Código de barras Fecha visto por última vez Número de copia Precio válido a partir de Tipo de ítem Koha
    Clasificación Universidad Autónoma de Chapingo   Préstamo interno   Tesis Zootecnia Zootecnia 09/11/2005 El autor   Tesis A33 1837 2004 5101003067 18/01/2022 Ej.1 18/01/2022 Tesis
    Clasificación Universidad Autónoma de Chapingo   Préstamo 5 días   Tesis Zootecnia Zootecnia 09/11/2005 El autor   Tesis A33 1837 2004 5101003068 18/01/2022 Ej.2 18/01/2022 Tesis